Normal view
MARC view
- القصص الإسبانية - كولومبيا - الحب - الكوليرا
Entry Topical Term
001 - CONTROL NUMBER
- control field: 23115
003 - CONTROL NUMBER IDENTIFIER
- control field: JO-AjAnu
005 - DATE AND TIME OF LATEST TRANSACTION
- control field: 20230606073959.0
008 - FIXED-LENGTH DATA ELEMENTS
- fixed length control field: 230606|| aca||aabn | a|a d
040 ## - CATALOGING SOURCE
- Original cataloging agency: JO-AjAnu
- Transcribing agency: JO-AjAnu
150 ## - HEADING--TOPICAL TERM
- Topical term or geographic name entry element: القصص الإسبانية - كولومبيا - الحب - الكوليرا
670 ## - SOURCE DATA FOUND
- Source citation: Work cat.: (JO-AjAnu)11879: تأليف ماركيز،غابرييل غارسيا ؛ ترجمةصالح علماني, author 23114, الحب في زمن الكوليرا